| 000 | 00474cam a2200193ua 4500 | ||
|---|---|---|---|
| 001 | 9244 | ||
| 005 | 20260515114438.0 | ||
| 008 | 150224n ii |||gr||||Z||||||eng | ||
| 040 | _cMAIN | ||
| 041 | _aeng | ||
| 082 | _a050 | ||
| 100 |
_aSachdeva, S. K., _eEditor. |
||
| 245 | 1 |
_aYearbook : _b2009 / _cEdited by S. K. Sachdeva . |
|
| 250 | _a35th. | ||
| 260 |
_aNew Delhi: _bCompetition, _c2009. |
||
| 300 | _a868p. | ||
| 653 | _aGeneral serial publications | ||
| 942 | _cBK | ||
| 999 |
_c8306 _d8306 |
||